000 00591nam a22002175i 4500
001 11117
003 ES-MaACL
005 20230906150030.0
008 941212s1993 sp 00100 spa
020 _a84-85741-81-1
080 _a791.43(460)
100 1 _aJuan Payán, Miguel.
_967131
245 1 3 _aEl cine español de los 90 /
_cMiguel Juan Payán.
260 _aMadrid :
_bJ.C.,
_c[1993]
300 _a155 p ;
_c20 cm.
490 1 _aImágenes ;
_v16
650 _aCine-
_zEspaña.
_911025
830 1 _aImágenes ;
_v16
_9178651
852 _aES-MaACL
_jL-18365
999 _c11117
_d11117